000 00707nam a22002177a 4500
003 0
005 20250906125329.0
008 250906b xxu||||| |||| 00| 0 eng d
020 _a978-1-98469-438-6
050 _aLC 212.8
_b.C37 2025
100 _aCarter, Andrew,
_eauthor.
245 _aGender-inclusive curriculum development /
_cAndrew Carter.
260 _aNew York, NY :
_b3G E-Learning LLC,
_c2025.
300 _axviii, 271 pages :
_bcolored illustrations ;
_c26 cm.
504 _aIncludes bibliographical references and index.
650 _aCurriculum planning.
650 _aGender equity in education.
650 _aInclusive education.
650 _aEducation
_xCurricula.
942 _2lcc
_cBK
999 _c367801
_d367801